| 000 | 01015nam a2200253Ia 4500 | ||
|---|---|---|---|
| 999 |
_c41280 _d41280 |
||
| 001 | 7935 | ||
| 003 | GE_BSU | ||
| 005 | 20221003124801.0 | ||
| 008 | 181216sru 2012xx |||||||||||||| ||rus|| | ||
| 020 | _a9785865476153 | ||
| 040 | _cGE_BSU | ||
| 041 | _arus | ||
| 080 | _a811.161.1 Р-12 | ||
| 100 |
_aГолубева, А.В. _914961 |
||
| 245 |
_aРоссия:характеры,ситуации,мнения : _bВыпуск 2. Ситуации. / _cА.В. Голубева, А.И. адорина, Ред.И.В.Евстратова |
||
| 250 | _a3-е изд. | ||
| 264 |
_aСПБ : _bЗлатоуст, _c2011. |
||
| 300 |
_a148 стр: _c30 см. |
||
| 653 | _aРоссия:характеры,ситуации,мнения | ||
| 653 | _aრუსეთი: პერსონაჟები, სიტუაციები, მოსაზრებები | ||
| 700 |
_aЗадорина, А.И. _914962 |
||
| 700 |
_aЕвстратова, .И.В _eრედაქტორი _914963 |
||
| 942 |
_cBK _2udc |
||